000 00212 a2200109 4500
001 51024
040 _cAnchieta - Pituba
240 1 0 _aTalentos 2008
_l
245 1 0 _aTalentos 2008
650 4 _aMúsica
942 _cMX
999 _c51024
_d51024